[Event "Oberfranken-ch Q 0506"]
[Site "Schney"]
[Date "2006.01.04"]
[Round "6"]
[White "Schnetter, Bernd"]
[Black "Kachel, Stefan"]
[Result "1-0"]
[WhiteElo "1642"]
[BlackElo "1121"]
[PlyCount "57"]
[EventDate "2006.01.02"]
[EventType "swiss"]
[EventRounds "6"]
[EventCountry "GER"]
[SourceTitle "EXT 2015"]
[Source "ChessBase"]
[SourceDate "2014.11.20"]
[SourceVersion "1"]
[SourceVersionDate "2014.11.20"]
[SourceQuality "1"]

1. d4 d5 2. c4 dxc4 3. Nc3 e6 4. e3 b6 5. Bxc4 Bb7 6. Nf3 Nf6 7. 0-0 Bb4 8. a3 Bxc3 9. bxc3 0-0 10. Bd3 Nbd7 11. Qe2 c5 12. e4 h6 13. e5 Nd5 14. Qe4 g6 15. c4 Nb4 16. Qxb7 Nxd3 17. Bxh6 Re8 18. Qe4 Nb2 19. Qc2 Nxc4 20. Qxc4 cxd4 21. Qxd4 Nc5 22. Qxd8 Raxd8 23. Rfd1 Ne4 24. Be3 Nc3 25. Rxd8 Rxd8 26. Kf1 Rb8 27. Rc1 Ne4 28. Rc2 a5 29. Ng5 1-0